|
|
|
|
| LEADER |
00000nac a2200000 i 4500 |
| 003 |
eccuu |
| 005 |
20231206155236.0 |
| 006 |
a|||||r||||a001 0 |
| 007 |
ta |
| 008 |
993031|19901987-us|||||r|||||||||||spa|| |
| 020 |
|
|
|a 0-915741-25-3
|
| 040 |
|
|
|b spa
|a eccuu
|c eccuu
|e rda
|
| 041 |
0 |
|
|a spa
|
| 082 |
0 |
|
|2 22
|a 610.03
|c 353684
|
| 240 |
1 |
|
|a New complete medical and health encyclopedia.
|
| 245 |
1 |
0 |
|a Medicina y Salud /
|c edición de Richard J. Wagman.
|
| 250 |
|
|
|a Primera edición.
|
| 264 |
|
1 |
|a Chicago:
|b Editorial Stampley Enterprises,
|c 1990.
|
| 264 |
|
4 |
|c ®1987
|
| 300 |
|
|
|a 934-1389 páginas:
|c 25 cm
|
| 336 |
|
|
|2 rdacontent
|a texto
|b txt
|
| 337 |
|
|
|2 rdamedia
|a no mediado
|b n
|
| 338 |
|
|
|2 rdacarrier
|a volumen
|b nc
|
| 490 |
0 |
|
|a Nueva Enciclopedia Completa,
|n vol.3
|
| 505 |
1 |
|
|a Los médicos y los procedimientos de diagnóstico -- Nutrición y control de peso -- Trastornos mentales y emocionales -- El abuso de sustancias -- Cuidado del enfermo en el hogar emergencias médicas -- Medicamentos genéricos comúnmente recetas.
|
| 650 |
1 |
7 |
|2 eccuu
|a Medicina
|9 2322
|
| 650 |
1 |
7 |
|2 eccuu
|a Salud
|9 324
|
| 650 |
1 |
7 |
|2 eccuu
|a Material de referencia
|9 4778
|
| 700 |
1 |
|
|a Wagman, Richard J.
|e editor
|9 311020
|
| 852 |
|
|
|a UC-CDJBV
|
| 942 |
|
|
|c CR
|2 ddc
|z jenny.perez@ucuenca.edu.ec
|
| 999 |
|
|
|c 163244
|d 163244
|